Zitate der ›Aeneis‹ in Den Briefen des Hieronymus : Eine Digitale Intertextualitätsanalyse Zur Untersuchung Kultureller Transformationsprozesse.

In der Reihe Philologus. Supplemente / Philologus. Supplementary Volumes werden Monographien und Sammelbände zu allen Themen der Klassischen Philologie und ihrer Rezeption veröffentlicht. Der Fokus liegt insbesondere auf den neuesten Ansätzen der Literatur- und Kulturwissenschaft in einer interdi...

Full description

Bibliographic Details
Main Author: Revellio, Marie.
Format: eBook
Language:German
Published: Berlin/Boston : Walter de Gruyter GmbH, 2022.
Edition:1st ed.
Series:Philologus. Supplemente / Philologus. Supplementary Volumes Series
Subjects:
Online Access:Click to View
LEADER 02041nam a22003733i 4500
001 EBC7015420
003 MiAaPQ
005 20231204023225.0
006 m o d |
007 cr cnu||||||||
008 231204s2022 xx o ||||0 ger d
020 |a 9783110760828  |q (electronic bk.) 
035 |a (MiAaPQ)EBC7015420 
035 |a (Au-PeEL)EBL7015420 
035 |a (OCoLC)1334105572 
040 |a MiAaPQ  |b eng  |e rda  |e pn  |c MiAaPQ  |d MiAaPQ 
100 1 |a Revellio, Marie. 
245 1 0 |a Zitate der ›Aeneis‹ in Den Briefen des Hieronymus :  |b Eine Digitale Intertextualitätsanalyse Zur Untersuchung Kultureller Transformationsprozesse. 
250 |a 1st ed. 
264 1 |a Berlin/Boston :  |b Walter de Gruyter GmbH,  |c 2022. 
264 4 |c {copy}2022. 
300 |a 1 online resource (408 pages) 
336 |a text  |b txt  |2 rdacontent 
337 |a computer  |b c  |2 rdamedia 
338 |a online resource  |b cr  |2 rdacarrier 
490 1 |a Philologus. Supplemente / Philologus. Supplementary Volumes Series ;  |v v.17 
520 |a In der Reihe Philologus. Supplemente / Philologus. Supplementary Volumes werden Monographien und Sammelbände zu allen Themen der Klassischen Philologie und ihrer Rezeption veröffentlicht. Der Fokus liegt insbesondere auf den neuesten Ansätzen der Literatur- und Kulturwissenschaft in einer interdisziplinären Perspektive. 
588 |a Description based on publisher supplied metadata and other sources. 
590 |a Electronic reproduction. Ann Arbor, Michigan : ProQuest Ebook Central, 2023. Available via World Wide Web. Access may be limited to ProQuest Ebook Central affiliated libraries.  
655 4 |a Electronic books. 
776 0 8 |i Print version:  |a Revellio, Marie  |t Zitate der ›Aeneis‹ in Den Briefen des Hieronymus  |d Berlin/Boston : Walter de Gruyter GmbH,c2022 
797 2 |a ProQuest (Firm) 
830 0 |a Philologus. Supplemente / Philologus. Supplementary Volumes Series 
856 4 0 |u https://ebookcentral.proquest.com/lib/matrademy/detail.action?docID=7015420  |z Click to View